000 00233nam a2200097Ia 4500
005 20251222114357.0
008 251222s1900||||xx |||||||||||||| ||spa||
082 _aDVD0070/C28J/2005
245 0 _aJuego de honor:Coach Carter
942 _cDVD
999 _c1476
_d1476